000 00254nam a2200121Ia 4500
100 _aBallaney P.L
942 _cBK
654 _athermal
245 _aThermal Engineering
260 _bKhanna pub.
_aNew Delhi
_c1993
300 _a1420
546 _aENGLISH
999 _c34321
_d34321